[Historia de los caballeros hospitalarios de San Juan de Jerusalen]. (Registro nro. 34013)

Detalles MARC
000 -LEADER
campo de control de longitud fija 00617nam a2200181 i 4500
001 - NÚMERO DE CONTROL
campo de control 34013
003 - IDENTIFICADOR DE NÚMERO DE CONTROL
campo de control ES-MaACL
005 - FECHA Y HORA DE LA ÚLTIMA TRANSACCIÓN
campo de control 20230906154848.0
007 - CAMPO FIJO DE DESCRIPCIÓN FÍSICA--INFORMACIÓN GENERAL
campo de control de longitud fija t|
008 - DATOS DE LONGITUD FIJA--INFORMACIÓN GENERAL
campo de control de longitud fija 160322q18001899fr ||||1| fre d
245 01 - MENCIÓN DEL TÍTULO
Título [Historia de los caballeros hospitalarios de San Juan de Jerusalen].
260 ## - PUBLICACIÓN, DISTRIBUCIÓN, ETC.
Lugar de publicación, distribución, etc. [S.l. :
Nombre del editor, distribuidor, etc. s.n.,
Fecha de publicación, distribución, etc. 18-?]
300 ## - DESCRIPCIÓN FÍSICA
Extensión 56 p. ;
Dimensiones 21 cm.
500 ## - NOTA GENERAL
Nota general Folleto en francés, sin portada, ni dato alguno.
594 ## - Nota al título y mención de responsabilidad
Nota al título y mención de responsabilidad Título deducido del contenido del texto.
610 24 - PUNTO DE ACCESO ADICIONAL DE MATERIA--NOMBRE DE ENTIDAD CORPORATIVA
Nombre de entidad corporativa o nombre de jurisdicción como elemento de entrada Orden de Malta-
Subdivisión general Historia.
9 (RLIN) 134736
852 ## - LOCALIZACIÓN
Ubicación ES-MaACL
Número de control de estantería T-209-F-15
Nota libre .- Enc. en un vol. facticio falto de la cub. original
Existencias
Estatus retirado Estado de pérdida Estado de daño No para préstamo Colección Biblioteca de origen Biblioteca actual Ubicación en estantería Fecha de adquisición Fuente de adquisición Total de préstamos Signatura topográfica completa Código de barras Visto por última vez Precio de reemplazo Tipo de ítem Koha
        Colección de folletos Biblioteca del Ateneo de Madrid Biblioteca del Ateneo de Madrid Depósito folletos 22/03/2016     T-209-F-15 1194972 23/02/2023 23/02/2023 Folleto